[Event "Dewan Astana Karnival op (Women)"]
[Site "Dewan Astana"]
[Date "2015.07.31"]
[Round "5"]
[White "Cindy, Hoo Yik"]
[Black "Ng, Xin Hwan"]
[Result "1/2-1/2"]
[WhiteElo "1305"]
[BlackElo "1200"]
[PlyCount "76"]
[EventDate "2015.07.29"]
[EventType "swiss"]
[EventRounds "7"]
[EventCountry "MAS"]
[SourceTitle "EXT 2017"]
[Source "ChessBase"]
[SourceDate "2016.10.25"]
[SourceVersion "1"]
[SourceVersionDate "2016.10.25"]
[SourceQuality "1"]

1. e4 d6 2. Bc4 Nf6 3. Nc3 g6 4. d3 Bg7 5. Bg5 0-0 6. Qd2 Re8 7. Bh6 a6 8. Bxg7 Kxg7 9. 0-0-0 b5 10. Bb3 Bb7 11. f3 e6 12. g4 Ng8 13. g5 d5 14. h4 c5 15. a3 c4 16. dxc4 bxc4 17. Bxc4 Nc6 18. exd5 exd5 19. Bxd5 Nge7 20. Be4 Qxd2+ 21. Rxd2 Rab8 22. Nge2 Ne5 23. Bxb7 Rxb7 24. f4 Nc4 25. Rd4 Rc8 26. Na4 Nf5 27. Rd3 Rcb8 28. Rhh3 Nxb2 29. Nxb2 Rxb2 30. Rb3 R2xb3 31. Rxb3 Re8 32. Ng3 Nxh4 33. Kd2 Ng2 34. Ne2 h5 35. gxh6+ Kxh6 36. Rh3+ Kg7 37. Rg3 Rd8+ 38. Rd3 Re8 1/2-1/2